00671nam a2200157 a 450000100100000000500170001000800410002704000250006810000270009324501280012026000520024830000200030004900090032095201670032999900170049600003107120200930062703.0110613s1925 dr 000 0 spa d aDO-SdBNPbspacBNPHU1 aRegalado, D. A.95755210aHistoria de mi martirio en la Torre del Homenaje :ba través de la ocupación militar Norte-Americana /cD. A. Regalado. aSanto Domingo :bImpr. E. M Casanova N.,c1925. a12 p. ;c23 cm. aBNPD 001050718RVaPDbPDcCTd2011-06-13iLF1l0o p31071-10r2020-06-25w2020-06-25y1zPerteneció a la biblioteca personal de Julio Ortega Frier.ZNo se presta c30563d30563